000 00753cam a22002294a 4500
001 11952518
005 20260318094903.0
008 000324s2001 ohua b 001 0 eng
020 _a0324066503
_qalk. paper
020 _a9780324066500
_q(alk. paper)
050 0 0 _aHD31
_b.L388 2001
082 0 0 _a658
_221
100 1 _aLewis, Pamela S.
245 1 0 _aManagement :
_bchallenges in the 21st century /
_cPamela S. Lewis, Stephen H. Goodman, Patricia M. Fandt.
250 _a3rd ed.
260 _aCincinnati, OH :
_bSouth-Western College Pub.,
_c2001.
300 _axxvi, 662 p. :
_bcol. ill. ;
_c29 cm. +
_e1 CD-ROM (4 3/4 in.)
650 0 _aManagement.
700 1 _aGoodman, Stephen H.
700 1 _aFandt, Patricia M.
942 _2lcc
_cBK
_e3rd ed.
_n0
999 _c9090
_d9090